000 01028nam a2200325Ia 4500
003 OSt
005 20221007122641.0
006 a|||||r|||| 00| 0
007 ta
008 221006b |||||||| |||| 00| 0 eng d
020 _a9781439804148 (Hb)
024 _a150606
037 _b4092, 29/09/2011, New India Book Agency
_cTextual
040 _aPAPL
_cPAPL
_beng
041 _2eng
_aeng
082 _aC:9B36, Q1.1-2 Carpa
100 _aBoyarkin O.M
_9714775
245 0 _aAdvanced particle physics
260 _aUK
_bCRC
_c2011
300 _axv; 639p.
_ccm.
490 _vVol.1
500 _aInclude bibliographical references 627-630p; Appendix 631-632p; Index 633-639p
650 _a Electrodynamics physics
_9714544
650 _a Mathematical prelude
_9714776
650 _a Particle physics
650 _a Quantum physics
650 _aPhysics
942 _hC:9B36, Q1.1-2 Carpa
_cTEXL
_2CC
999 _c1210718
_d1210718